000 00484nam a2200169 i 4500
001 72095
003 ES-MaACL
005 20251005063049.0
007 t|
008 040825s1969 sp ||||1| spa d
100 0 _aGil Robles, José María,
_d1898-1980
_956869
245 1 0 _aPor un estado de derecho /
_cJosé María Gil Robles.
260 _abarcelona :
_bAriel,
_c[1969]
300 _a153 p. ;
_c18 cm.
852 _aES-MaACL
_jC-3434
_bR.70334
999 _c72095
_d72095